000 00700nam a22001697a 4500
005 20250215062519.0
999 _c20363
_d20363
008 240812b ||||| |||| 00| 0 eng d
082 _22023
_aUT
100 _aGuiamalodin, Norolshalah M.
_957446
245 _aUnfolding the experiences and prepraedness mechanism of senior citizens in the wake of disaster :
_btowards a disaster resilient community /
_cNorolshalah M. Guiamalodin, Rita Gen A. Culele, and Jofelrey Silguerra
260 _aDigos City :
_bUMDC,
_cOctober 2023.
300 _aix, 83 pages :
_c29 cm.
650 _aEducation.
_xUndergraduated Thesis.
_957436
700 _aCulele, Rita Gen A.
_957447
700 _aSilguerra, Jofelrey.
_957448
942 _2ddc
_cUT